Obaly z tuhých plastových fólií

Typy fólií, ktoré sa používajú na výrobu obalov. Sortiment obalov. Plastové vinuté obaly. Skladateľné obaly - skladačky z fólií. Výrobcovia týchto obalov.

Saved in:
Bibliographic Details
Main Author: Vítek, Miloslav
Format: Book Chapter
Language:Czech
Subjects:
Tags: Add Tag
No Tags, Be the first to tag this record!

MARC

LEADER 00000naa a2200000 4500
001 0125785
005 20231129095803.1
041 0 |a cze 
044 |a CZ 
245 1 0 |a Obaly z tuhých plastových fólií  |c Miloslav Vítek 
520 |a Typy fólií, ktoré sa používajú na výrobu obalov. Sortiment obalov. Plastové vinuté obaly. Skladateľné obaly - skladačky z fólií. Výrobcovia týchto obalov. 
610 2 0 |a obaly 
610 2 0 |a technika obalová 
610 2 0 |a plasty 
610 2 0 |a výroba 
610 2 0 |a výrobcovia 
100 1 |a Vítek, Miloslav